🇩🇰 vs. 🇫🇮 vs. 🇮🇸 vs. 🇳🇴 vs. 🇸🇪 - Statistiken

Allgemein
  • Dieses Quiz wurde 32 mal gespielt
  • Das Durchschnittsergebnis liegt bei 7 aus 19
Antwortstatistiken
Frage Antwort % Korrekt
...Einwohner? Schweden🇸🇪
87%
...Küstenlänge? Norwegen🇳🇴
77%
...Frieden? Island🇮🇸
71%
...Anzahl an Nobelpreisträgern? Schweden🇸🇪
58%
...Bruttoinlandsprodukt pro Kopf? Norwegen🇳🇴
39%
...Exportmengen? Schweden🇸🇪
39%
...Lebenserwartung? Norwegen🇳🇴
35%
...Gesundheitswesen? Dänemark🇩🇰
32%
...durchschnittlicher IQ? Finnland🇫🇮
29%
...Beschäftigungsquote? Island🇮🇸
29%
...Fläche? Dänemark🇩🇰
26%
...Pressefreiheit? Norwegen🇳🇴
26%
...Gewinner🏆🥳🏅? Norwegen🇳🇴
26%
...Bruttoinlandsprodukt? Schweden🇸🇪
26%
...Tourismus? Dänemark🇩🇰
23%
...Happy Planet Index? Norwegen🇳🇴
16%
...Good Country Index? Schweden🇸🇪
16%
...HDI (Human Development Index)? Island🇮🇸
13%
...Militär? Norwegen🇳🇴
10%
Keine übereinstimmenden Quizze gefunden
Verteilung der Resultate
Anzahl Personen mit jedem Resultat
Perzentil nach korrekt beantworteten Fragen
Ihre Resultats-Entwicklung
Sie haben dieses Quiz noch nicht gespielt